| 000 | 00998nam0a22002651 4500 | ||
|---|---|---|---|
| 001 | rc\701135 | ||
| 005 | 20250621215243.0 | ||
| 035 | _a(NLR Aleph) 005936963 | ||
| 090 |
_a6638103 _c6638103 |
||
| 100 | _a20031121d1985 |||y0rusy50 ca | ||
| 101 | 0 | _arus | |
| 102 | _aRU | ||
| 105 | _ay ||||||||| | ||
| 200 | 1 |
_aЛишайники восточных склонов Среднего Сихотэ-Алиня _eСихотэ-Алин. биосфер. р-н |
|
| 210 |
_aВладивосток _cДВНЦ АН СССР _d1985 |
||
| 215 |
_a41 с. _d20 |
||
| 225 | 1 |
_aПрепринт _fАН СССР. Дальневост. науч. центр. Тихоокеан. ин-т географии |
|
| 320 | _aБиблиогр.: с. 39-41 | ||
| 700 | 1 |
_aСкирина _bИ.Ф. _gИрина Федоровна |
|
| 701 | 1 |
_aКняжева _bЛ.А. _gЛюдмила Александровна |
|
| 801 | 0 |
_aRU _bNLR _gpsbo |
|
| 801 | 1 |
_aRU _bELAR _2rusmarc |
|
| 852 |
_aNLR _j87-4/20981 |
||
| 942 | _cBOOK | ||
| 980 | _aNB | ||